| 000 | 00561nam a2200181 a 4500 | ||
|---|---|---|---|
| 005 | 20240924064133.0 | ||
| 008 | 991125s1969 mx 000 0 spa u | ||
| 035 | _aUPN01000004634 | ||
| 049 | _aCG | ||
| 050 | 4 |
_aLA424 _bA73 |
|
| 245 | 0 | 0 |
_aArtículos de René Avilés / _ctrabajos escritos con la colab. de Ramón Martínez Reyes. |
| 260 |
_aMéxico : _bMagisterio, _c1969. |
||
| 300 | _a101 p. | ||
| 440 | 0 |
_aSelecciones pedagógicas del magisterio ; _v1 |
|
| 650 | 4 |
_aEducación _zMéxico _95405 |
|
| 700 | 1 |
_aMartínez Reyes, Ramón, _ecolab. |
|
| 905 | _aLibro | ||
| 999 |
_c4634 _d4634 |
||